[Event "Open Ouest 06/07 (Istres)"]
[Site "CDJE 13"]
[Date "2006.12.16"]
[Round "3"]
[White "Dufresne, Ali"]
[Black "Frailinu, Jean-Bernard"]
[Result "0-1"]
[WhiteElo "1110"]
[BlackElo "1620"]
[Annotator "Fritz 7 (30s)"]
[PlyCount "72"]
[EventDate "2006.??.??"]

1. e4 e6 2. Nc3 Nf6 {C00: French: Unusual White 2nd moves} 3. Nf3 d5 {
dernier coup de la bibliotheque} 4. Bd3 c5 5. exd5 exd5 6. O-O Be7 7. h3 {
Couvre g4} (7. Bb5+ Kf8 8. Be2 d4 $11) 7... O-O 8. b3 Nc6 9. Bb2 a6 {
Securise b5} 10. Ne2 b5 11. c3 {Consolide b4+d4} Bd6 12. g4 $2 (12. a4 $142 {
et les blancs respire un peu} b4 13. Qc2 $15) 12... h5 $19 13. Ng3 hxg4 14. Ng5
(14. hxg4 Bxg3 15. fxg3 Qd6 $19 (15... Nxg4 $143 16. a4 $17)) 14... Bf4 15. h4
Bxg5 (15... Qc7 $142 16. Kg2 Re8 $19) 16. Kg2 $4 {l'erreur fatale.} (16. hxg5
$142 Ne5 17. Be2 $17) 16... Bxh4 17. Rh1 Nh7 (17... Bxg3 $142 {
semble meme mieux} 18. fxg3 Ne5 19. Qc2 Nxd3 20. Qxd3 $19) 18. Bf5 (18. Bxh7+
Kxh7 19. Qc2+ Kg8 20. Rxh4 Qxh4 $19) 18... Qg5 (18... g6 $142 {semble mieux}
19. Qxg4 Bxg3 20. Bxc8 Rxc8 21. Qxg3 $19) 19. Qc2 (19. Bxh7+ Kxh7 20. Qc2+ g6
21. Rxh4+ Qxh4 22. Rh1 Qh3+ 23. Rxh3+ gxh3+ 24. Kh1 $19) 19... g6 20. Bxc8
Raxc8 21. Raf1 (21. Rae1 {n'aide pas beaucoup} Rfe8 $19) 21... f5 22. Ne2 (22.
Ba3 {ne rattrape rien} b4 23. Bb2 f4 24. Rxh4 f3+ 25. Kg1 Qxh4 26. Qxg6+ Kh8
$19) 22... Nf6 (22... f4 $5 {peut etre le plus court chemin} 23. Nxf4 Rxf4 24.
d4 $19) 23. d3 (23. Bc1 {ne fais pas descendre le chat de l'arbre} Nh5 24. d4
f4 25. dxc5 Kg7 $19) 23... Ne5 (23... Nh5 $142 {
et maintenant il devient clair que les noirs va gagner} 24. Bc1 f4 $19) 24. Bc1
Qh5 25. Ng3 (25. Nf4 {N'ameliore vraiment rien} Qh7 26. Rxh4 Qxh4 $19) 25...
Qh7 26. Bg5 (26. Rxh4 {n'est pas bon, mais quoi d'autre?} Qxh4 27. Rh1 $19)
26... Nf3 27. Bf4 (27. Bxf6 {ne change rien de plus} Rxf6 (27... Bxf6 $6 28.
Rxh7 Kxh7 29. c4 $19) 28. Ne2 d4 $19) 27... Qf7 (27... d4 {semble mieux} 28.
Rd1 dxc3 29. Qc1 $19) 28. Re1 (28. Rc1 {
ne peut pas effacer ce qui a deja ete fait} d4 $19) 28... Nxe1+ 29. Rxe1 Nh5
30. Nxh5 gxh5 31. Qd2 Bf6 32. Bd6 (32. d4 {ne change vraiment rien} Rfe8 33.
Be5 cxd4 34. cxd4 h4 $19) 32... Rfe8 33. Rxe8+ Qxe8 34. Qh6 (34. Bf4 {
ne resout rien} h4 35. Kg1 h3 $19) 34... Qf7 (34... Bg7 {
peut etre le plus court chemin} 35. Qf4 Qe6 36. a4 $19) 35. a4 (35. b4 {
n'est pas un salut} cxb4 36. cxb4 Rc3 $19) 35... c4 36. dxc4 (36. axb5 {
n'est pas d'une grande aide} cxb3 37. Ba3 axb5 $19) 36... dxc4 (36... dxc4 37.
bxc4 Rxc4 $19) 0-1

[Event "Open Ouest 06/07 (Istres)"]
[Site "CDJE 13"]
[Date "2006.12.16"]
[Round "3"]
[White "Brot, Fabrice"]
[Black "Alard, Francis"]
[Result "1/2-1/2"]
[WhiteElo "1630"]
[BlackElo "1590"]
[Annotator "Fritz 7 (120s)"]
[PlyCount "68"]
[EventDate "2006.??.??"]

1. e4 c5 2. Nf3 d6 3.d4 cxd4 4. Nxd4 Nf6 5. f3 {B54: Sicilian: 2...d6 3 d4 cxd4 
4 Nxd4, Unusual Lines} g6 {dernier coup de la bibliotheque} 6. c3 Bg7 7. Nd2
O-O 8. h4 (8. Bd3 d5 $11) 8... Nc6 9. N2b3 a6 {Couvre b5} 10. g4 h5 11. gxh5
Nxh5 12. Be2 Ng3 {Les noirs empechent 0-0} (12... e5 13. Nc2 $15) 13. Nxc6 bxc6
14. Rg1 Nxe2 15. Qxe2 e5 (15... a5 16. Qf2 $11) 16. Qh2 Qd7 17. h5 Qh3 18. Qxh3
Bxh3 19. hxg6 (19. Be3 d5 $14) 19... fxg6 20. Ke2 Kf7 21. Bg5 (21. Na5 Be6 $14)
21... Bf6 (21... Rfb8 $5 $11 {est digne de consideration}) 22. Bxf6 $16 Kxf6
23. Rad1 Rad8 24. Na5 c5 25. Nb7 (25. Rd2 Rd7 $16) 25... Rd7 (25... Rb8 $142 $5
{devrait etre examine} 26. Rxd6+ Ke7 $11) 26. Rxd6+ $16 Rxd6 27. Nxd6 Be6 28.
b3 Rb8 29. Rd1 Ke7 30. Rd2 Rb6 31. Nc4 Bxc4+ 32. bxc4 Ke6 33. Ke3 g5 (33... Rb1
34. Rd5 Re1+ 35. Kd2 $16) 34. Rh2 Kf7 (34... Kf7 35. Rh7+ Kg6 $18) (34... Rb1
$5 $16) 1/2-1/2

[Event "Open Ouest 06/07 (Istres)"]
[Site "CDJE 13"]
[Date "2006.12.16"]
[Round "3"]
[White "Abibsi, Dany"]
[Black "Lagrange, Daniel"]
[Result "0-1"]
[WhiteElo "1499"]
[BlackElo "1499"]
[Annotator "Fritz 7 (30s)"]
[PlyCount "82"]
[EventDate "2006.??.??"]

1. e4 e5 2. Nf3 Nc6 3. Nc3 Bc5 {C46: 3 Nc3: Unusual Black 3rd moves} 4. Bc4 {
dernier coup de la bibliotheque} Qe7 5. b3 (5. Nd5 $142 $5 Qd8 6. c3 $16) 5...
Nf6 $11 6. Bb2 Ng4 (6... O-O $5 $11 {est digne de consideration}) 7. O-O $14
O-O 8. Nd5 Qd8 9. d4 (9. h3 $142 Nf6 10. Nxe5 Nxe5 11. Bxe5 Nxd5 12. exd5 $16)
9... Bd6 $2 (9... exd4 $142 {garderait les noirs en vie} 10. b4 Bxb4 11. Nxb4
Nxb4 12. Qxd4 Qf6 $14) 10. h3 $18 Nf6 $2 (10... Nh6 11. dxe5 Be7 $18) 11. dxe5
Nxe5 12. Nxe5 c6 (12... Bxe5 {n'ameliore rien} 13. Bxe5 Nxd5 14. exd5 $18) 13.
Ne3 (13. Nxf7 $142 {et les blancs gagne} Bh2+ 14. Kxh2 Rxf7 15. Nxf6+ gxf6 16.
Qd6 $18) 13... Bxe5 14. Bxe5 Nxe4 15. Qg4 Ng5 (15... Nf6 {
n'est pas le coup salvateur} 16. Qg3 d5 17. Be2 $18) 16. h4 (16. Bd6 $142 {
semble mieux} Qf6 17. Rad1 b5 $18) 16... d6 17. Qxg5 Qxg5 18. hxg5 dxe5 19.
Rad1 a6 20. Rfe1 b5 21. Bd3 g6 (21... Ra7 {ne fait rien de bon} 22. Be4 $18)
22. f3 (22. Be4 $5 {fais ca meme si c'est plus facile pour les blancs} Be6 $18)
22... Be6 23. Ng4 (23. Nf1 $5 {semble meme mieux} Rfd8 $18) 23... Bxg4 24. fxg4
Rae8 25. Be4 Re6 26. Rd2 (26. Rd7 {et les blancs peut se relaxer} b4 $18) 26...
Kg7 27. Red1 h6 (27... b4 28. Rd7 $18) 28. gxh6+ Kxh6 29. Rd6 Kg5 (29... Rxd6
30. Rxd6 Kg5 31. a3 $18) 30. Rxe6 fxe6 31. Rd6 Rf6 (31... c5 {
ne change pas la suite de la partie} 32. Rxa6 Rf4 33. Bd3 $18) 32. Rxc6 Kxg4 (
32... Rf4 {un essai sterile qui modifie le cours de la partie} 33. Bd3 e4 34.
Be2 $18) 33. Kh2 (33. Rxa6 {et les blancs peut se relaxer} g5 $18) 33... g5 (
33... Kf4 34. Bd5 $18) 34. Bf3+ (34. Rxa6 $142 $5 {
fais ca meme si c'est plus facile pour les blancs} Kf4 35. Bc6 Ke3 $18) 34...
Kf4 35. Rxa6 Rh6+ (35... e4 {ne peut pas changer le destin} 36. Bd1 $18) 36.
Kg1 Kg3 (36... e4 {ne sauve rien} 37. Be2 b4 38. Ra4 $18) 37. b4 Rh4 {
les noirs preparent l'avance g4} 38. a3 Rc4 39. Rc6 Rd4 40. Rxe6 g4 (40... Kf4
{ne gagne pas un prix} 41. Bc6 $18) 41. Bc6 (41. Rg6 $142 {fin du debat} Rf4
42. Bxg4 Rxg4 43. Rxg4+ Kxg4 44. Kf2 $18) 41... Rd1# 0-1

[Event "Open Ouest 06/07 (Istres)"]
[Site "CDJE 13"]
[Date "2006.12.16"]
[Round "3"]
[White "Yriarte, Stéphane"]
[Black "Jung, Cyril"]
[Result "1-0"]
[WhiteElo "1499"]
[BlackElo "1499"]
[Annotator "Fritz 7 (30s)"]
[PlyCount "69"]
[EventDate "2006.??.??"]

1. d4 d6 2. c4 g6 3. Nc3 Nf6 4. e4 Bg7 5. f4 Nc6 6. Nf3 {
E76: King's Indian: Four Pawns Attack: Lines specific to 6 Nf3 move-order} O-O
7. Be2 {dernier coup de la bibliotheque} Ng4 8. O-O Nb4 9. a3 Na6 10. b4 c5 11.
b5 {Les blancs gagne de l'espace} (11. bxc5 $142 dxc5 12. e5 $14) 11... Qa5 $4
{les noirs manque le coche} (11... cxd4 $142 {
autoriserait les noirs a continuer} 12. Nxd4 Nc5 $11) 12. Bd2 (12. Nd5 Nb8 13.
Nxe7+ Kh8 $18) 12... cxd4 $2 (12... Nb8 $142 $5 13. h3 Nf6 14. dxc5 dxc5 $16)
13. Nd5 $18 Qd8 14. bxa6 bxa6 (14... e6 15. Nb4 $18) 15. Rb1 e6 16. Nb4 a5 (
16... Bb7 17. h3 Nf6 18. e5 $18) 17. Nc6 Qc7 18. Ncxd4 (18. Nfxd4 $5 {
peut etre le plus court chemin} Bxd4+ 19. Nxd4 Qc5 20. Bxg4 Qxd4+ 21. Rf2 e5
$18) 18... Qc5 19. Kh1 Bxd4 (19... Ba6 20. Qe1 $18) 20. Nxd4 Qxd4 21. Bxg4 Qxe4
(21... Ba6 $18 {un dernier effort pour resister a l'inevitable}) 22. Bf3 Qxc4
23. Bxa8 Ba6 24. Bf3 (24. Qf3 $142 {semble meme mieux} Qd3 25. Bb7 Qxf3 26.
Rxf3 Rb8 $18) 24... e5 (24... Qxf1+ {est le dernier espoir.} 25. Qxf1 Bxf1 26.
Rxf1 Rc8 $18) 25. Re1 Qc5 (25... Qd4 {ne change pas la suite de la partie} 26.
Be3 Qxd1 27. Rbxd1 exf4 28. Bxf4 $18) 26. fxe5 dxe5 27. Be3 (27. Bh6 {
fais ca meme si c'est plus facile pour les blancs} Qe7 28. Bd5 Qf6 $18) 27...
Qxa3 (27... Qe7 {ne fais pas descendre le chat de l'arbre} 28. Qd5 Rc8 29. Qxa5
$18) 28. Ra1 (28. Bh6 $142 {et les blancs peut se relaxer} Qd3 29. Qc1 Qd6 $18)
28... Qc3 (28... Qd3 {un essai sterile qui modifie le cours de la partie} 29.
Rxa5 Qxd1 30. Rxd1 $18) 29. Qc1 (29. Qd6 h5 30. Bd5 Kg7 31. Bh6+ Kxh6 32. Qxf8+
Kg5 33. Qd8+ f6 34. h4+ Kf4 35. Qxf6+ Kg3 36. Qxg6+ Kf2 37. Qf5+ Kg3 38. Qh3+
Kf2 39. Ra2+ Kxe1 40. Qxc3+ Kf1 41. Qa1#) 29... Qd3 (29... Qxc1 {
est encore une petite chance} 30. Bxc1 Bb5 31. Rxe5 Rb8 $18) 30. Be2 Qd6 31.
Bc5 Rc8 32. Bxd6 Rxc1 33. Raxc1 Bxe2 (33... Kg7 {ne change vraiment rien} 34.
Bxa6 g5 35. Bxe5+ Kh6 36. Rc6+ f6 37. Rxf6+ Kg7 38. Re6+ Kf7 39. Bc4 Kf8 40.
Rf1+ Kg8 41. Re7#) 34. Rxe2 (34. Bxe5 f5 35. Rxe2 Kf7 36. Rc7+ Ke6 37. Bf4+ Kf6
38. Rce7 a4 39. R2e6#) 34... f6 (34... g5 {
ne peut pas changer ce qui est en cours pour ?} 35. Rc8+ Kg7 36. g4 h5 37.
Bxe5+ Kg6 38. Rf2 hxg4 39. Rf6+ Kg7 40. Rd6+ f6 41. Rc7+ Kg6 42. Rxf6+ Kh5 43.
Rh7#) 35. Rc7 1-0

[Event "Open Ouest 06/07 (Istres)"]
[Site "?"]
[Date "2007.01.13"]
[Round "4"]
[White "Reymond, Jean-François"]
[Black "Jullien, Patrick"]
[Result "1/2-1/2"]
[WhiteElo "1499"]
[BlackElo "1786"]
[Annotator "Fritz 7 (30s)"]
[PlyCount "84"]
[EventDate "2007.??.??"]

1. e4 c5 2. f4 d6 3. Nf3 Nc6 4. Nc3 {B23: Closed Sicilian: Lines without g3}
Bg4 {dernier coup de la bibliotheque} 5. Bc4 e6 {Controle d5} 6. a3 {
Consolide b4} Be7 7. O-O Nf6 8. d3 (8. Bb5 Nd7 $11) 8... O-O (8... Nd4 9. e5
Bxf3 10. Rxf3 Nxf3+ 11. Qxf3 dxe5 12. fxe5 $15) 9. Qd2 e5 (9... d5 $142 $5 {
est une idee interessante} 10. Ba2 dxe4 11. Nxe4 Qc7 $15) 10. f5 {
Les blancs gagne de l'espace} Nd4 (10... a6 $5 $14) 11. Nxd4 $16 cxd4 12. Nd5
Rc8 $2 (12... Nxd5 13. Bxd5 h6 14. h3 $16) 13. Bb3 $4 {
laisse le camp adverse revenir dans la partie} (13. h3 Bh5 $18) 13... Bh5 $2 (
13... Nxd5 14. Bxd5 h6 $16) 14. Qe1 $4 {
avec ce coup, les blancs perd l'initiative} (14. h3 $142 $18 {
et les blancs peut prendre le meilleur}) 14... Nxd5 $11 15. Bxd5 (15. exd5 Bh4
16. Qe4 Bg5 $11) 15... Rxc2 $15 16. Bxb7 (16. Rf2 Rc7 $15) 16... Bg5 (16... Bh4
$142 $5 17. g3 Re2 $17) 17. Rf2 $11 Rxc1 18. Rxc1 Be3 {Une superbe case!} 19.
h3 {Securise g4} Qg5 20. Rcc2 Qg3 21. Kf1 $4 (21. Qf1 $5 $11) 21... Bxf2 (21...
Qh2 $142 {et les noirs peut celebrer la victoire} 22. g4 Qxh3+ 23. Kg1 Bxg4 $19
) 22. Qxf2 $17 Qxd3+ 23. Kg1 f6 24. Rd2 Qb5 25. Bd5+ Bf7 26. Be6 (26. Qf3 $5
$17) 26... Bxe6 $19 27. fxe6 Qc4 28. e7 Re8 29. Rc2 (29. Kh2 Qb3 $19) 29... Qe6
(29... Qd3 30. Re2 $19) 30. Rc7 Rxe7 31. Rxe7 (31. Rc6 g6 $19) 31... Qxe7 32.
Qc2 Qb7 33. b4 Kf8 34. Qb1 (34. g3 g6 $19) 34... Qc7 35. Qb3 (35. Qd3 {
n'est pas d'une grande aide} Qc1+ 36. Kf2 h5 $19) 35... Qc3 (35... Qc1+ $142 $5
{fais ca meme si c'est plus facile pour les noirs} 36. Kh2 Qf4+ 37. Kh1 Qxe4
38. Qc4 $19) 36. Qd5 Qxa3 $4 {les noirs a manque le coche} (36... h5 $142 {
donnera a les noirs un clair avantage} 37. Kh2 Qe3 38. Qa8+ Kf7 39. Qxa7+ Kg6
$19) 37. Qxd6+ $11 Ke8 38. Qe6+ Kd8 39. Qg8+ Ke7 40. Qxg7+ Ke6 41. Qg8+ Kd6 42.
Qf8+ Ke6 (42... Ke6 43. Qe8+ Kd6 44. Qf8+ Kd7 45. Qf7+ Kc8 46. Qe6+ Kb8 47.
Qd6+ Kb7 48. Qe7+ Ka8 49. Qf8+ Kb7 50. Qe7+ Ka8 51. Qf8+ Kb7 52. Qe7+ $11)
1/2-1/2

[Event "Open Ouest 06/07 (Istres)"]
[Site "?"]
[Date "2007.01.13"]
[Round "4"]
[White "Dufresne, Saïd"]
[Black "Laorden, Joan"]
[Result "1/2-1/2"]
[WhiteElo "1610"]
[BlackElo "1660"]
[Annotator "Fritz 7 (30s)"]
[PlyCount "28"]
[EventDate "2007.??.??"]

1. e4 d6 2. d4 g6 3. Bd3 Bg7 4. c3 {B07: Pirc Defence: Miscellaneous Systems}
Nf6 5. Nf3 Nbd7 {dernier coup de la bibliotheque} 6. Bf4 c5 7. Na3 a6 {
Couvre b5} 8. O-O cxd4 9. Nxd4 $4 {donne un contrejeu a l'adversaire} (9. cxd4
O-O $14) 9... b5 $4 {donne une nouvelle chance a l'adversaire} (9... e5 10. Bg3
exd4 11. cxd4 $19) 10. Qd2 (10. Bg5 h6 11. Bxf6 Nxf6 $11) 10... Bb7 (10... e5
11. Ndxb5 axb5 12. Bg5 $19) 11. Rfe1 $2 (11. Bh6 Bxh6 12. Qxh6 Nc5 $15) 11...
O-O (11... e5 $142 $5 12. Bh6 Bxh6 13. Qxh6 exd4 14. cxd4 Ng8 $19) 12. Bh6 (12.
Bg5 Nc5 $11) 12... Rc8 (12... Bxh6 $5 {est digne de consideration} 13. Qxh6 Nc5
$15) 13. Bxg7 $11 Kxg7 14. Re3 (14. Rad1 e5 15. Nb3 d5 $11) 14... Qb6 {
Les deux joueurs ont note 15 Cg5 coup impossible, je pense qu'ils ont du
oublier de noter des coups. La nulle a ete conclue apres le 23eme coup des
noirs.} (14... Qb6 15. Rh3 Kg8 $11) 1/2-1/2

[Event "Open Ouest 06/07 (Istres)"]
[Site "?"]
[Date "2007.??.??"]
[Round "4"]
[White "Calatayud, Stéphane"]
[Black "Brot, Fabrice"]
[Result "0-1"]
[WhiteElo "1570"]
[BlackElo "1630"]
[Annotator "Fritz 7 (30s)"]
[PlyCount "106"]

1. e4 c6 2. d4 d5 {dernier coup de la bibliotheque} 3. Be3 {
B12: Caro-Kann: Advance Variation} dxe4 4. f3 Nf6 5. Nc3 exf3 6. Nxf3 Bg4 7.
Bd3 e6 {Controle d5+f5} 8. h3 Bh5 9. g4 Bg6 10. Ne5 Nbd7 11. Nxg6 hxg6 12. Qf3
Bd6 (12... Qa5 13. g5 Nd5 14. Bd2 $17) 13. O-O-O Nd5 14. Ne4 Be7 15. Rdf1 Rf8
16. Bd2 Qb6 17. c4 (17. c3 O-O-O $15) 17... Nb4 (17... Qxd4 18. cxd5 Ne5 19.
Bc3 Nxf3 20. Bxd4 Nxd4 21. d6 $19) 18. a3 $2 (18. c5 Nxd3+ (18... Nxa2+ $143
19. Kb1 Qb3 20. Bc2 $14) 19. Qxd3 Qb5 20. Qxb5 cxb5 $15) 18... Nxd3+ (18...
Qxd4 $142 $5 19. Bxb4 Bxb4 $19) 19. Qxd3 $15 O-O-O 20. Be3 (20. c5 Qc7 21. Qb3
Nf6 $15) 20... Qa6 (20... f5 21. Nd2 $17) 21. Qc3 Nb6 22. Nd2 Nd7 (22... Na4
23. Qb3 $17) 23. g5 (23. Ne4 f5 24. gxf5 exf5 $17) 23... Kb8 24. Bf4+ Ka8 25.
Kc2 (25. Kb1 c5 $15) 25... c5 $17 26. Bc7 Rc8 27. Bf4 cxd4 28. Qxd4 Nb6 29. b3
f6 30. h4 (30. Qe4 Nd5 $19 (30... Qxa3 31. Ra1 Qc5 32. Rxa7+ Kxa7 33. Ra1+ Qa3
34. Rxa3+ Bxa3 35. Qd4 $16)) 30... e5 (30... Qxa3 $6 31. Ra1 e5 32. Rxa3 exd4
33. Ra5 $17) 31. Bxe5 $2 (31. Qe4 exf4 32. Qxe7 Nd5 $19) 31... fxe5 (31... Rfd8
$142 $5 {peut etre le plus court chemin} 32. Qc3 fxe5 33. a4 $19) 32. Qxe5 Rxf1
33. Rxf1 Qxa3 34. Ra1 Qc5 (34... Qb4 $142 $19) 35. Qxg7 $2 (35. Re1 Qxe5 36.
Rxe5 Bb4 $19) 35... Qd6 (35... Qf5+ $142 {
fais ca meme si c'est plus facile pour les noirs} 36. Kc1 Re8 $19) 36. Ne4 (36.
Re1 Rd8 37. Qc3 $19) 36... Qh2+ 37. Nd2 Bb4 (37... Nd5 $142 $1 {
et les noirs gagne} 38. Qd4 Nb4+ 39. Kb1 Qh1+ 40. Kb2 Qxa1+ 41. Kxa1 Nc2+ 42.
Kb2 Nxd4 $19) 38. Qd4 Bxd2 39. Qxd2 Qxd2+ (39... Qxh4 $142 {semble meme mieux}
40. Re1 $19) 40. Kxd2 Re8 41. Rf1 Nd7 42. Kd3 a6 43. Kd4 Ka7 44. b4 Re6 (44...
Nb8 45. Rf6 Rh8 46. b5 Rxh4+ 47. Kd5 $19) 45. Rf7 Nb8 46. Rf6 Rc6 (46... Nc6+
47. Kd5 Re5+ 48. Kd6 $19) 47. b5 $2 (47. Kd5 $142 {garderait les blancs en vie}
Rc8 48. Rxg6 $15) 47... axb5 48. cxb5 Rb6 (48... Rxf6 49. gxf6 Nd7 $17) 49.
Rxb6 $16 Kxb6 50. h5 $4 {stoppe tout juste avant la ligne d'arrivee} (50. Ke5
$142 Kc7 51. Kf6 Nd7+ 52. Kxg6 $16) 50... gxh5 $19 51. g6 (51. Ke4 {
ne peut pas effacer ce qui a deja ete fait} Nd7 52. g6 Nf6+ 53. Kf5 Ng8 $19)
51... Nd7 52. g7 (52. Ke4 {ne fait rien de bon} Nf6+ 53. Kf5 Ng8 $19) 52... Nf6
53. Ke5 Ng8 (53... Ng8 54. Kf5 h4 $19) 0-1

[Event "Open Ouest 06/07 (Istres)"]
[Site "?"]
[Date "2007.01.13"]
[Round "4"]
[White "Frailinu, Jean-Bernard"]
[Black "Alard, Francis"]
[Result "0-1"]
[WhiteElo "1590"]
[BlackElo "1570"]
[Annotator "Fritz 7 (120s)"]
[PlyCount "100"]
[EventDate "2007.??.??"]

1. c4 Nf6 2. Nc3 g6 3. d4 d5 4. cxd5 Nxd5 {
D85: Exchange Gruenfeld: Unusual White 7th moves and lines with 7 Nf3} 5. g3 {
dernier coup de la bibliotheque} Nxc3 6. bxc3 Qd5 7. Nf3 Bg7 8. Bg2 O-O 9. O-O
Qd7 10. Bf4 Nc6 11. Rb1 h6 {Securise g5} 12. Ne1 (12. h4 $5 $16) 12... e5 $11
13. Bxc6 (13. dxe5 $142 $5 {est la meilleure option qu'a les blancs} Qxd1 14.
Rxd1 $11) 13... Qxc6 $17 14. Bxe5 Bxe5 15. dxe5 Bh3 ({Pire est} 15... Qxc3 16.
Nf3 $14) 16. Nf3 Bxf1 17. Kxf1 Rfd8 18. Qc1 Kg7 19. Kg1 Rab8 (19... Qe4 20. Rb2
$17) 20. Nd4 Qc4 21. Qb2 Qd5 22. Nf3 Qe6 23. Kg2 a6 24. a4 b5 25. a5 c5 26. Rc1
Rd7 27. c4 b4 28. h3 Rbd8 29. Qa1 Kh7 30. Qb2 Qc6 31. Kh2 (31. Qb1 Rd2 32. Re1
R2d4 $19) 31... Rd1 32. Rxd1 Rxd1 33. Qc2 Ra1 34. e4 $4 {
triste, mais quoi avec d'autre les blancs pourrait sauver la partie?} (34. Qb2
Rxa5 35. Nd2 $19) 34... Qa4 35. Qxa4 Rxa4 36. Nd2 Ra2 37. Nb3 Rxf2+ 38. Kg1 Rc2
39. Nxc5 (39. e6 {un essai sterile qui modifie le cours de la partie} fxe6 40.
Nxc5 Rxc4 $19) 39... Rxc4 40. Nb3 (40. Nd3 {ne fait rien de bon} b3 41. Kf2
Rxe4 $19) 40... Rxe4 (40... Rc3 $142 {et le resultat es clair: les noirs gagne}
41. Nd2 b3 42. Nxb3 Rxg3+ 43. Kf2 Rxb3 44. Kg2 $19) 41. Kf2 Rxe5 42. g4 (42.
Kf3 {n'est pas d'une grande aide} Re8 43. Nc1 Rc8 $19) 42... h5 43. Kf3 hxg4+
44. hxg4 Kh6 45. Kf4 Rb5 46. Kg3 Kg5 47. Kf3 f5 (47... Rb8 $142 {
semble meme mieux} 48. Ke4 $19) 48. gxf5 Rxf5+ 49. Kg3 (49. Ke3 $19 {desespoir}
) 49... Kh5 50. Kh3 (50. Kg2 {tant qu'il y a de l'espoir, il y a de la vie} g5
51. Na1 $19) 50... Rf3+ (50... Rf3+ 51. Kg2 Rxb3 52. Kg1 Rb2 53. Kf1 b3 54. Ke1
Rh2 55. Kf1 b2 56. Kg1 Rd2 57. Kf1 b1=Q#) 0-1